MARC

LEADER 00000nam0a2200000 4500
001 369966
005 20231102012232.0
035 |a (RuTPU)RU\TPU\retro\27374 
035 |a RU\TPU\retro\27270 
090 |a 369966 
100 |a 20220614d1970 k y0rusy50 ca 
101 0 |a rus 
102 |a RU 
105 |a a z 001zy 
200 1 |a Бурение и разработка нефтяных и газовых месторождений  |e [сборник статей]  |f Всесоюзный нефтегазовый научно-исследовательский институт (ВНИИ) ; под ред. Р. И. Шищенко 
210 |a Москва  |c Недра  |d 1970 
215 |a 216 с.  |c ил. 
225 1 |a Труды Всесоюзного нефтегазового научно-исследовательского института (ВНИИ)  |v Вып. 20 
320 |a Библиогр. в конце статей 
606 1 |a Нефтегазовые месторождения  |x Системы разработки  |x Эксплуатация  |2 stltpush  |3 (RuTPU)RU\TPU\subj\45562  |9 64757 
610 1 |a вертикальные скважины 
610 1 |a нагрузки 
610 1 |a расчеты 
610 1 |a способы 
610 1 |a бурение скважин 
610 1 |a эффективность 
610 1 |a электробуры 
610 1 |a глинистые растворы 
610 1 |a промывочные растворы 
610 1 |a гидродинамическое давление 
610 1 |a термостойкость 
610 1 |a холод 
610 1 |a обсадные колонны 
610 1 |a расчет на прочность 
610 1 |a цементные растворы 
610 1 |a электрофильтры 
610 1 |a вращающиеся печи 
610 1 |a тампонажные растворы 
610 1 |a сварные соединения 
675 |a 622.276  |v 3 
702 1 |a Шищенко  |b Р. И.  |4 340 
712 0 2 |a Всесоюзный нефтегазовый научно-исследовательский институт (ВНИИ)  |c (Москва)  |c (1953-1987)  |2 stltpush  |3 (RuTPU)RU\TPU\col\11487 
801 1 |a RU  |b 63413507  |c 20141105 
801 2 |a RU  |b 63413507  |c 20221005  |g RCR 
942 |c BK